[Event "12th Reykjavik op"]
[Site "Reykjavik ISL"]
[Date "1986.02.16"]
[Round "5.15"]
[White "Kristiansen, Jens"]
[Black "Arnason, Jon"]
[Result "0-1"]
[WhiteElo "2395"]
[BlackElo "2500"]
[EventDate "1986.02.11"]
[PlyCount "39"]

1.e4 c5 2.Nf3 d6 3.d4 cxd4 4.Nxd4 Nf6 5.Nc3 Nc6 6.Bc4 Qb6 7.Ndb5 a6 8.Be3 
Qa5 9.Nd4 Ne5 10.Nb3 Qc7 11.Bd3 e6 12.f4 Nc4 13.Bc1 b5 14.Qe2 Bb7 15.a4 b4
16.Nd1 Rc8 17.Nf2 Be7 18.O-O e5 19.Nd2 Nxd2 20.Bxd2 0-1

[Event "12th Reykjavik op"]
[Site "Reykjavik ISL"]
[Date "1986.02.16"]
[Round "5.16"]
[White "Olafsson, David"]
[Black "Fedorowicz, John"]
[Result "0-1"]
[WhiteElo "2325"]
[BlackElo "2500"]
[EventDate "1986.02.11"]
[PlyCount "62"]

1.e4 c5 2.Nf3 d6 3.d4 cxd4 4.Nxd4 Nf6 5.Nc3 Nc6 6.Bg5 Qb6 7.Nb3 e6 8.Qd2 
Be7 9.O-O-O O-O 10.f4 Rd8 11.Be2 a6 12.Bf3 Qc7 13.g4 b5 14.Qg2 Bb7 15.h4 
b4 16.Na4 Rac8 17.Kb1 Na7 18.Nd4 Qa5 19.Qf2 Qxa4 20.e5 dxe5 21.fxe5 Bxf3 
22.exf6 Bxd1 23.b3 Qe8 24.fxe7 Rxd4 25.Qxd4 Bxc2+ 26.Kb2 Nc6 27.Qd6 Be4 
28.Re1 Bd5 29.h5 h6 30.Bh4 a5 31.a3 Nxe7 0-1

[Event "12th Reykjavik op"]
[Site "Reykjavik ISL"]
[Date "1986.02.16"]
[Round "5.24"]
[White "Ligterink, Gert"]
[Black "Halldorsson, Gudmundur"]
[Result "1-0"]
[WhiteElo "2470"]
[BlackElo "2270"]
[EventDate "1986.02.11"]
[PlyCount "85"]

1.d4 d5 2.c4 Nc6 3.Nc3 dxc4 4.Nf3 Nf6 5.e4 Bg4 6.Be3 Bxf3 7.gxf3 e5 8.d5 
Ne7 9.Qa4+ Nd7 10.d6 cxd6 11.Bxc4 d5 12.Nxd5 Nc6 13.Rg1 Rc8 14.Rd1 Qa5+ 
15.Qxa5 Nxa5 16.Bf1 Rc2 17.Bh3 Nb8 18.b4 Nac6 19.Nc7+ Ke7 20.Bc5+ Rxc5 21.
bxc5 Nd4 22.Kf1 Nbc6 23.f4 f6 24.Rg3 Kf7 25.fxe5 fxe5 26.Bc8 Bxc5 27.Bxb7 
Ne7 28.Ba6 Rb8 29.Bc4+ Kf6 30.h4 g6 31.Kg2 Kg7 32.Ne6+ Nxe6 33.Bxe6 Rf8 
34.Rf3 Rxf3 35.Kxf3 Kf6 36.Bc4 Bd4 37.Kg3 g5 38.h5 h6 39.Rd3 Kg7 40.Rf3 
Bc5 41.Rf7+ Kh8 42.Kg4 Nc8 43.Rc7 1-0

[Event "12th Reykjavik op"]
[Site "Reykjavik ISL"]
[Date "1986.02.16"]
[Round "5.26"]
[White "Pyhala, Antti"]
[Black "Thorhallsson, Throestur"]
[Result "1/2-1/2"]
[WhiteElo "2340"]
[BlackElo "2245"]
[EventDate "1986.02.11"]
[PlyCount "97"]

1.e4 c5 2.Nf3 Nc6 3.Bb5 g6 4.O-O Bg7 5.c3 Nf6 6.d4 cxd4 7.cxd4 d5 8.e5 Ne4
9.Ne1 h6 10.f3 Ng5 11.Nc3 O-O 12.Be3 Qb6 13.Bxc6 Qxc6 14.Rc1 Qd7 15.h4 Ne6
16.Qd2 b6 17.Nd3 Ba6 18.Rfd1 h5 19.Nf2 Rfd8 20.g4 hxg4 21.Nxg4 f5 22.Nh6+ 
Bxh6 23.Bxh6 Kf7 24.Kf2 Rh8 25.Rg1 f4 26.Bxf4 Rxh4 27.Rg4 Rxg4 28.fxg4 g5 
29.Be3 Rh8 30.Kg3 Nf4 31.Bxf4 Bc8 32.Qe2 gxf4+ 33.Kxf4 Qe6 34.Qg2 Qh6+ 35.
g5 Qg6 36.Rh1 Qf5+ 37.Ke3 Rxh1 38.Qxd5+ Be6 39.Qxh1 Qxg5+ 40.Kd3 Qg3+ 41.
Ke4 Qg4+ 42.Ke3 Qg3+ 43.Ke2 Bc4+ 44.Kd1 Qg4+ 45.Kc2 Qxd4 46.Qh5+ Ke6 47.
Qh3+ Kf7 48.Qf5+ Kg7 49.Qg5+ 1/2-1/2

[Event "12th Reykjavik op"]
[Site "Reykjavik ISL"]
[Date "1986.02.16"]
[Round "5.27"]
[White "Karklins, Andrew"]
[Black "Thorsteinsson, Thorsteinn"]
[Result "0-1"]
[WhiteElo "2320"]
[BlackElo "2325"]
[EventDate "1986.02.11"]
[PlyCount "80"]

1.e4 c5 2.Nf3 d6 3.d4 cxd4 4.Nxd4 Nf6 5.Nc3 g6 6.Nde2 Nc6 7.Nf4 Bg7 8.Be2 
O-O 9.g4 b5 10.g5 Nd7 11.h4 b4 12.Ncd5 e6 13.Ne3 Nc5 14.f3 Nd4 15.Bc4 d5 
16.exd5 Qd6 17.Neg2 e5 18.Nh3 e4 19.f4 Nf3+ 20.Kf2 Na4 21.Rb1 Qc5+ 22.Ne3 
Nb6 23.Bb3 a5 24.a3 Bb7 25.Kg3 Rad8 26.axb4 axb4 27.Nf2 Nxd5 28.Nxe4 Qe7 
29.Bxd5 Nd4 30.Re1 Bxd5 31.Nxd5 Rxd5 32.Nf6+ Bxf6 33.Rxe7 Nf5+ 34.Kf2 Rxd1
35.gxf6 Nxe7 36.fxe7 Re8 37.f5 Rxe7 38.f6 Re8 39.Ra1 h5 40.b3 Kh7 0-1

[Event "12th Reykjavik op"]
[Site "Reykjavik ISL"]
[Date "1986.02.16"]
[Round "5.32"]
[White "Herzog, Juerg"]
[Black "Angantysson, Haukur"]
[Result "1/2-1/2"]
[WhiteElo "2280"]
[BlackElo "2305"]
[EventDate "1986.02.11"]
[PlyCount "61"]

1.d4 Nf6 2.c4 e6 3.Nf3 c5 4.d5 exd5 5.cxd5 d6 6.Nc3 g6 7.Bf4 a6 8.a4 Bg7 
9.e4 O-O 10.Nd2 Ne8 11.g4 Nd7 12.Be2 Ne5 13.Bg3 f5 14.gxf5 gxf5 15.f4 Ng6 
16.O-O Bd4+ 17.Kh1 Ng7 18.Nf3 Bxc3 19.bxc3 fxe4 20.Ng5 Bf5 21.Bg4 Qd7 22.
Bxf5 Qxf5 23.Qb1 Qxd5 24.Qxe4 Qxe4+ 25.Nxe4 Nf5 26.Rfd1 Rae8 27.Nxd6 Nxd6 
28.Rxd6 Nxf4 29.Rd7 Ne2 30.Rxb7 Nxg3+ 31.hxg3 1/2-1/2

[Event "12th Reykjavik op"]
[Site "Reykjavik ISL"]
[Date "1986.02.17"]
[Round "6.2"]
[White "De Firmian, Nick"]
[Black "Byrne, Robert"]
[Result "1/2-1/2"]
[WhiteElo "2520"]
[BlackElo "2505"]
[EventDate "1986.02.11"]
[PlyCount "90"]

1.e4 e5 2.Nf3 Nc6 3.Bb5 g6 4.c3 a6 5.Ba4 d6 6.d4 Bd7 7.O-O Bg7 8.dxe5 Nxe5
9.Nxe5 dxe5 10.Be3 Nf6 11.Nd2 Bxa4 12.Qxa4+ Qd7 13.Qb3 Qb5 14.f3 Qxb3 15.
Nxb3 O-O-O 16.Kf2 Ne8 17.c4 f5 18.Ke2 Nd6 19.Nd2 Rd7 20.Rac1 Rhd8 21.Rc2 
Nf7 22.c5 Re7 23.Nc4 Re6 24.g4 Bh6 25.exf5 gxf5 26.gxf5 Rf6 27.Bxh6 Rxh6 
28.Rf2 Rh5 29.Ne3 Nh6 30.f6 Ng8 31.Ng4 Rf5 32.c6 Nxf6 33.cxb7+ Kxb7 34.
Nxf6 Rxf6 35.Rc3 Rf5 36.Ke3 Rdf8 37.Rc4 Rf4 38.Re4 R8f5 39.h4 Kc6 40.Rxe5 
Rxf3+ 41.Rxf3 Rxe5+ 42.Kf2 Ra5 43.a3 Rb5 44.Rf6+ Kb7 45.b4 a5 1/2-1/2

[Event "12th Reykjavik op"]
[Site "Reykjavik ISL"]
[Date "1986.02.17"]
[Round "6.3"]
[White "Geller, Efim"]
[Black "Miles, Anthony John"]
[Result "1/2-1/2"]
[WhiteElo "2525"]
[BlackElo "2610"]
[EventDate "1986.02.11"]
[PlyCount "22"]

1.e4 c5 2.Nf3 d6 3.d4 cxd4 4.Nxd4 Nf6 5.Nc3 g6 6.Be2 Bg7 7.O-O O-O 8.Be3 
Nc6 9.Qd2 d5 10.exd5 Nxd5 11.Nxd5 Nxd4 1/2-1/2

[Event "12th Reykjavik op"]
[Site "Reykjavik ISL"]
[Date "1986.02.17"]
[Round "6.5"]
[White "Petursson, Margeir"]
[Black "Tal, Mikhail"]
[Result "1/2-1/2"]
[WhiteElo "2520"]
[BlackElo "2600"]
[EventDate "1986.02.11"]
[PlyCount "88"]

1.d4 Nf6 2.c4 e6 3.Nf3 a6 4.Nc3 c5 5.e3 d5 6.cxd5 exd5 7.Be2 Nc6 8.O-O Bd6
9.dxc5 Bxc5 10.a3 O-O 11.b4 Ba7 12.Bb2 Bg4 13.b5 Na5 14.Qa4 Bxf3 15.Bxf3 
Nc4 16.Qc2 Rc8 17.Rad1 d4 18.exd4 Nxb2 19.Qxb2 Bxd4 20.Qb4 Bxc3 21.Rxd8 
Bxb4 22.Rxc8 Rxc8 23.axb4 axb5 24.Bxb7 Rc4 25.Rb1 Ne8 26.Bf3 Nc7 27.Be2 
Rc2 28.Kf1 Kf8 29.Ke1 Ke7 30.Bd3 Ra2 31.Rc1 Kd6 32.Bxh7 Rb2 33.Rd1+ Ke6 
34.Rb1 Rxb1+ 35.Bxb1 Na6 36.Bd3 Nxb4 37.Bxb5 f5 38.h4 Kf6 39.Kd2 Nd5 40.g3
g5 41.h5 g4 42.Bd3 Kg5 43.h6 Kxh6 44.Bxf5 Kg5 1/2-1/2

[Event "12th Reykjavik op"]
[Site "Reykjavik ISL"]
[Date "1986.02.17"]
[Round "6.6"]
[White "Larsen, Bent"]
[Black "Zaltsman, Vitaly"]
[Result "1-0"]
[WhiteElo "2575"]
[BlackElo "2410"]
[EventDate "1986.02.11"]
[PlyCount "103"]

1.Nf3 d5 2.c4 dxc4 3.e3 e6 4.Bxc4 Nf6 5.O-O a6 6.b3 c5 7.Bb2 Nc6 8.Be2 Be7
9.d4 O-O 10.Nbd2 cxd4 11.Nxd4 Bd7 12.Bf3 Rc8 13.Nc4 b5 14.Nxc6 Bxc6 15.
Qxd8 Bxd8 16.Nd6 Rc7 17.Bxf6 gxf6 18.Rac1 Bxf3 19.gxf3 Rd7 20.Rc6 Be7 21.
Ne4 f5 22.Ng3 Ra8 23.Rfc1 a5 24.e4 fxe4 25.Nxe4 a4 26.Rb6 axb3 27.axb3 Rd3
28.Rb7 Bh4 29.Kg2 Rxb3 30.Rcc7 Rf8 31.Nc5 Rb2 32.Nxe6 Re8 33.Nf4 Rxf2+ 34.
Kh3 Rxf3+ 35.Kg4 Rxf4+ 36.Kxf4 Rf8 37.Rxb5 Kg7 38.Kf5 Ra8 39.Rbb7 Rf8 40.
Rc4 Be1 41.Rg4+ Kh8 42.h4 Bc3 43.Rc4 Bg7 44.Rbc7 Kg8 45.Rc8 Bh6 46.Kf6 
Bg7+ 47.Ke7 h6 48.h5 Rxc8 49.Rxc8+ Kh7 50.Kxf7 Be5 51.Rc4 Bb2 52.Ke6 1-0

[Event "12th Reykjavik op"]
[Site "Reykjavik ISL"]
[Date "1986.02.17"]
[Round "6.9"]
[White "Fedorowicz, John"]
[Black "Gheorghiu, Florin"]
[Result "0-1"]
[WhiteElo "2500"]
[BlackElo "2525"]
[EventDate "1986.02.11"]
[PlyCount "92"]

1.e4 c5 2.Nf3 e6 3.d4 cxd4 4.Nxd4 a6 5.Bd3 Nf6 6.O-O d6 7.c4 Be7 8.Nc3 O-O
9.Qe2 b6 10.b3 Bb7 11.Bb2 Nfd7 12.Rad1 g6 13.Bb1 Re8 14.Nc2 Nc6 15.Ne3 Nf6
16.f4 Qc7 17.g4 b5 18.g5 Nh5 19.cxb5 axb5 20.Nxb5 Qb6 21.a4 d5 22.Kg2 Bc5 
23.Ng4 Na7 24.Nh6+ Kf8 25.Be5 Nxb5 26.Qxb5 Qxb5 27.axb5 dxe4 28.Rd7 Re7 
29.Rxe7 Kxe7 30.Rc1 Bb6 31.Kf1 f5 32.gxf6+ Nxf6 33.Ke2 Ra5 34.Rc4 Rxb5 35.
Bxf6+ Kxf6 36.Bxe4 Bxe4 37.Rxe4 Rxb3 38.Re5 Bc7 39.Ng4+ Ke7 40.Re4 Rh3 41.
Kf2 h5 42.Ne3 Rxh2+ 43.Kg1 Rd2 44.f5 gxf5 45.Nxf5+ Kf6 46.Ng3 Bxg3 0-1

[Event "12th Reykjavik op"]
[Site "Reykjavik ISL"]
[Date "1986.02.17"]
[Round "6.13"]
[White "Schussler, Harry"]
[Black "Quinteros, Miguel Angel"]
[Result "0-1"]
[WhiteElo "2455"]
[BlackElo "2510"]
[EventDate "1986.02.11"]
[PlyCount "89"]

1.d4 Nf6 2.c4 c5 3.d5 g6 4.Nc3 Bg7 5.e4 d6 6.Nf3 O-O 7.Be2 e5 8.O-O Ne8 9.
Ne1 f5 10.Nd3 Nd7 11.Rb1 Ndf6 12.f3 f4 13.b4 b6 14.bxc5 bxc5 15.Qa4 g5 16.
Nf2 h5 17.h3 Rf7 18.Bd2 Bf8 19.Rb2 g4 20.fxg4 hxg4 21.hxg4 Rg7 22.Rfb1 
Nxg4 23.Nxg4 Bxg4 24.Rb7 Bxe2 25.Rxg7+ Bxg7 26.Nxe2 Nf6 27.Ba5 Qc8 28.Qc2 
Qe8 29.Qd3 Qg6 30.Nc3 Rf8 31.Qf3 Rf7 32.Rb8+ Bf8 33.Bd8 Ng4 34.Nd1 Rh7 35.
Nf2 Nh2 36.Qd1 Rg7 37.g4 fxg3 38.Nh3 Qxe4 39.Rb3 Qxc4 40.Bg5 Rf7 41.Bf6 
Rxf6 42.Rxg3+ Bg7 43.Kxh2 Qxa2+ 44.Rg2 Qc4 45.Qh5 0-1

[Event "12th Reykjavik op"]
[Site "Reykjavik ISL"]
[Date "1986.02.17"]
[Round "6.14"]
[White "Browne, Walter Shawn"]
[Black "Kristiansen, Jens"]
[Result "0-1"]
[WhiteElo "2510"]
[BlackElo "2395"]
[EventDate "1986.02.11"]
[PlyCount "88"]

1.d4 f5 2.Nc3 d5 3.Bf4 Nf6 4.e3 e6 5.Nge2 a6 6.g3 Nbd7 7.Bg2 Be7 8.f3 b5 
9.O-O O-O 10.a3 Bb7 11.g4 fxg4 12.fxg4 Nxg4 13.Bh3 Ndf6 14.Ng3 Bc8 15.Bxg4
Nxg4 16.Qxg4 e5 17.Qh5 exf4 18.Qxd5+ Qxd5 19.Nxd5 Bd6 20.Nxf4 Bb7 21.Nd3 
Rfe8 22.Rae1 g6 23.b4 h5 24.e4 Bxg3 25.hxg3 Bxe4 26.Ne5 Bf5 27.Re3 a5 28.
Rc3 axb4 29.axb4 Re7 30.Rc1 Be4 31.Re1 Bd5 32.Rc5 c6 33.Rf1 Ra3 34.Kh2 Re6
35.Kh3 Rd6 36.Kh4 Kg7 37.c3 Ra2 38.Kg5 Rg2 39.g4 hxg4 40.Ra1 g3 41.Ra7+ 
Kf8 42.Kh4 g5+ 43.Kh3 Rh2+ 44.Kxg3 Rg2+ 0-1

[Event "12th Reykjavik op"]
[Site "Reykjavik ISL"]
[Date "1986.02.17"]
[Round "6.18"]
[White "Dehmelt, Karl"]
[Black "Kogan, Boris"]
[Result "1-0"]
[WhiteElo "2355"]
[BlackElo "2485"]
[EventDate "1986.02.11"]
[PlyCount "47"]

1.e4 c5 2.Nf3 e6 3.d4 cxd4 4.Nxd4 Nf6 5.Nc3 d6 6.g4 h6 7.h4 Nc6 8.Nb3 a6 
9.Bg2 h5 10.g5 Nd7 11.Qe2 Qc7 12.f4 g6 13.Be3 b5 14.Nd4 Bb7 15.Nxc6 Bxc6 
16.Nd5 Bxd5 17.exd5 e5 18.f5 gxf5 19.O-O Rc8 20.Rxf5 Qxc2 21.Qf1 Qc4 22.
Rxf7 Be7 23.Qf5 Qg4 24.Qg6 1-0

[Event "12th Reykjavik op"]
[Site "Reykjavik ISL"]
[Date "1986.02.17"]
[Round "6.21"]
[White "Thorsteinsson, Thorsteinn"]
[Black "Van der Sterren, Paul"]
[Result "0-1"]
[WhiteElo "2325"]
[BlackElo "2470"]
[EventDate "1986.02.11"]
[PlyCount "54"]

1.d4 Nf6 2.c4 e6 3.Nc3 d5 4.Nf3 Be7 5.Bg5 h6 6.Bh4 O-O 7.e3 b6 8.Be2 Nbd7 
9.cxd5 exd5 10.O-O Bb7 11.Qb3 c5 12.Bxf6 Nxf6 13.dxc5 Bxc5 14.Rad1 Qe7 15.
Nb5 Ne4 16.Nbd4 f5 17.Bb5 Rac8 18.Rfe1 g5 19.Re2 f4 20.exf4 Rxf4 21.g3 Rf7
22.Kg2 g4 23.Nh4 Rxf2+ 24.Rxf2 Nxf2 25.Nhf5 Qe4+ 26.Kxf2 Qxf5+ 27.Kg2 Qe4+
0-1

[Event "12th Reykjavik op"]
[Site "Reykjavik ISL"]
[Date "1986.02.18"]
[Round "7.1"]
[White "Miles, Anthony John"]
[Black "Hansen, Curt"]
[Result "1/2-1/2"]
[WhiteElo "2610"]
[BlackElo "2510"]
[EventDate "1986.02.11"]
[PlyCount "90"]

1.d4 Nf6 2.c4 e6 3.Nc3 d5 4.Nf3 Be7 5.Qc2 O-O 6.Bg5 Nbd7 7.O-O-O c5 8.cxd5
Nxd5 9.Bxe7 Qxe7 10.e4 Nxc3 11.Qxc3 cxd4 12.Rxd4 Nb6 13.Qb4 Qc7+ 14.Kb1 e5
15.Qd6 Qxd6 16.Rxd6 f6 17.Nd2 Kf7 18.Nc4 Ke7 19.Nxb6 Kxd6 20.Nxa8 Be6 21.
Nb6 axb6 22.Be2 Ra8 23.Rd1+ Ke7 24.b3 Rd8 25.Rxd8 Kxd8 26.Kb2 Kc7 27.Kc3 
h6 28.Kb4 Bf7 29.Bc4 Be8 30.Bd5 Bd7 31.Kc4 Be8 32.h4 g5 33.g3 Bh5 34.Be6 
Kd6 35.Bc8 Be2+ 36.Kc3 Kc7 37.Bf5 Kd6 38.Bc8 Kc7 39.Be6 Kd6 40.Bc4 Bh5 41.
Kd3 Bf3 42.Bf7 Bg4 43.Ke3 Bd7 44.Bd5 Kc7 45.Kf3 Bc8 1/2-1/2

[Event "12th Reykjavik op"]
[Site "Reykjavik ISL"]
[Date "1986.02.18"]
[Round "7.2"]
[White "Hjartarson, Johann"]
[Black "Larsen, Bent"]
[Result "0-1"]
[WhiteElo "2505"]
[BlackElo "2575"]
[EventDate "1986.02.11"]
[PlyCount "84"]

1.d4 Nf6 2.c4 c5 3.d5 g6 4.Nc3 d6 5.e4 Bg7 6.f4 O-O 7.Nf3 e6 8.dxe6 fxe6 
9.Bd3 Nc6 10.O-O a6 11.a4 b6 12.Ng5 Ra7 13.Ra3 Re7 14.Bb1 Nd4 15.Be3 Bb7 
16.Qe1 e5 17.f5 h6 18.Nh3 gxf5 19.exf5 Qe8 20.Qh4 e4 21.Qg3 Nh5 22.Qg4 Kh8
23.Nf4 Nxf4 24.Rxf4 Be5 25.Rf2 Nf3+ 26.Kh1 Nxh2 27.Qh4 h5 28.f6 Rh7 29.
Bxe4 Bxe4 30.Nxe4 Ng4 31.Rf5 Bxb2 32.Nxd6 Qg6 33.Rb3 Bxf6 34.Bg5 Bg7 35.
Rxf8+ Bxf8 36.Bf4 Rd7 37.Rxb6 Bxd6 38.Bxd6 Rxd6 39.Rb8+ Kg7 40.Rb7+ Kh6 
41.Qe1 Re6 42.Qd2+ Qg5 0-1

[Event "12th Reykjavik op"]
[Site "Reykjavik ISL"]
[Date "1986.02.18"]
[Round "7.6"]
[White "Olafsson, Helgi"]
[Black "Alburt, Lev"]
[Result "1-0"]
[WhiteElo "2545"]
[BlackElo "2515"]
[EventDate "1986.02.11"]
[PlyCount "127"]

1.Nf3 Nf6 2.c4 c5 3.Nc3 e6 4.d4 cxd4 5.Nxd4 a6 6.g3 Qc7 7.Qd3 Nc6 8.Nxc6 
Qxc6 9.e4 b6 10.Be2 Bb7 11.Bd2 Rc8 12.b3 Ba3 13.O-O O-O 14.Rfd1 Bb2 15.
Rab1 Bxc3 16.Bxc3 Nxe4 17.Bb4 d6 18.f3 Ng5 19.Kf2 f6 20.Qxd6 Rfe8 21.Qxc6 
Bxc6 22.Bd2 Nf7 23.Be3 b5 24.cxb5 axb5 25.Bf1 Ra8 26.Rd2 Rec8 27.Rc1 Be8 
28.Rdc2 Rd8 29.Bb6 Rdb8 30.Bc7 Rc8 31.Bf4 Rd8 32.Bc7 Rdc8 33.Bd3 g5 34.h4 
h6 35.Ke3 Kg7 36.f4 Ra7 37.Bb6 Rxc2 38.Rxc2 Rb7 39.Bd4 e5 40.fxe5 Nxe5 41.
Bxe5 fxe5 42.Rc5 Kf6 43.Rc8 Ke7 44.Ra8 gxh4 45.gxh4 Rb6 46.Ra7+ Kf8 47.Bf5
Rd6 48.Ke4 Rd4+ 49.Kxe5 Rxh4 50.Kf6 Rf4 51.Ra8 h5 52.Kg5 Rxf5+ 53.Kxf5 Ke7
54.Kg5 Bc6 55.Rc8 Bd7 56.Rc5 Kd6 57.b4 Be8 58.a3 Ke6 59.Rc8 Bd7 60.Rc1 Bc8
61.Re1+ Kd7 62.Kf6 h4 63.Re7+ Kd8 64.Rh7 1-0

[Event "12th Reykjavik op"]
[Site "Reykjavik ISL"]
[Date "1986.02.18"]
[Round "7.7"]
[White "Quinteros, Miguel Angel"]
[Black "Lein, Anatoly"]
[Result "1-0"]
[WhiteElo "2510"]
[BlackElo "2535"]
[EventDate "1986.02.11"]
[PlyCount "131"]

1.d4 Nf6 2.c4 e6 3.g3 Bb4+ 4.Bd2 Be7 5.Bg2 d5 6.Nf3 O-O 7.O-O Ne4 8.Qc2 c6
9.Nc3 f5 10.Be3 Nd7 11.cxd5 exd5 12.Ne1 Nb6 13.Rd1 Bd6 14.Bf4 Bxf4 15.gxf4
Be6 16.e3 Rf6 17.f3 Nxc3 18.Qxc3 Rh6 19.Rf2 Qh4 20.Bf1 Rf8 21.Rg2 Rff6 22.
Qc2 Rfg6 23.Rxg6 Rxg6+ 24.Ng2 Nc4 25.Qf2 Qh5 26.Rd3 Bc8 27.Rc3 Nd6 28.Kh1 
Re6 29.Bd3 Bd7 30.Ra3 a6 31.Rc3 Qe8 32.Rc1 Qe7 33.Kg1 Be8 34.b3 Bh5 35.Rf1
Be8 36.Qd2 Bd7 37.Re1 Rg6 38.Bf1 Be8 39.Re2 Re6 40.Ne1 Bh5 41.Bg2 Rg6 42.
Rf2 Re6 43.Nd3 Nf7 44.Ne5 Nxe5 45.fxe5 Bg6 46.e4 Qd7 47.h4 fxe4 48.Bh3 
exf3 49.Rxf3 Qe8 50.Bxe6+ Qxe6 51.Qf4 h6 52.Rg3 Bf5 53.h5 Kh7 54.b4 Qd7 
55.Kf2 Be6 56.Qf8 Bg4 57.Kg2 Qe6 58.Kh2 Qd7 59.Qd6 Kh8 60.Qf8+ Kh7 61.Qd6 
Kh8 62.Qxd7 Bxd7 63.Rg6 Kg8 64.Rd6 Bg4 65.Rd8+ Kf7 66.Rb8 1-0

[Event "12th Reykjavik op"]
[Site "Reykjavik ISL"]
[Date "1986.02.18"]
[Round "7.9"]
[White "Sigurjonsson, Gudmundur"]
[Black "Petursson, Margeir"]
[Result "1/2-1/2"]
[WhiteElo "2495"]
[BlackElo "2520"]
[EventDate "1986.02.11"]
[PlyCount "66"]

1.e4 c5 2.Nf3 d6 3.d4 cxd4 4.Nxd4 Nf6 5.Nc3 g6 6.Be3 Bg7 7.f3 O-O 8.Qd2 
Nc6 9.O-O-O d5 10.exd5 Nxd5 11.Nxc6 bxc6 12.Bd4 e5 13.Bc5 Be6 14.Ne4 Re8 
15.h4 h6 16.g4 Qc7 17.g5 h5 18.Bc4 Red8 19.Qe1 a5 20.Rh2 Rab8 21.c3 Kh7 
22.Rhd2 a4 23.Qf1 Qa5 24.a3 Rdc8 25.Bb4 Qa8 26.Bc5 Rd8 27.Re1 Bf5 28.Red1 
Rd7 29.Qf2 Rbd8 30.Bb6 Re8 31.Bc5 Red8 32.Bb6 Re8 33.Bc5 Red8 1/2-1/2

[Event "12th Reykjavik op"]
[Site "Reykjavik ISL"]
[Date "1986.02.18"]
[Round "7.10"]
[White "Kudrin, Sergey"]
[Black "De Firmian, Nick"]
[Result "1/2-1/2"]
[WhiteElo "2460"]
[BlackElo "2520"]
[EventDate "1986.02.11"]
[PlyCount "33"]

1.e4 c5 2.Nf3 d6 3.d4 cxd4 4.Nxd4 Nf6 5.Nc3 a6 6.Be2 e5 7.Nb3 Be7 8.O-O 
O-O 9.Be3 Be6 10.Qd2 Nc6 11.a4 Rc8 12.a5 Qc7 13.Rfd1 Rfe8 14.Qe1 h6 15.Nc1
Bf8 16.h3 Kh8 17.Kh1 1/2-1/2

[Event "12th Reykjavik op"]
[Site "Reykjavik ISL"]
[Date "1986.02.18"]
[Round "7.13"]
[White "Kristiansen, Jens"]
[Black "Fedorowicz, John"]
[Result "1/2-1/2"]
[WhiteElo "2395"]
[BlackElo "2500"]
[EventDate "1986.02.11"]
[PlyCount "93"]

1.e4 c5 2.Nf3 d6 3.d4 cxd4 4.Nxd4 Nf6 5.Nc3 Nc6 6.Bc4 Qb6 7.Nb3 e6 8.O-O 
Be7 9.Bd3 O-O 10.Be3 Qc7 11.f4 a6 12.Qf3 b5 13.g4 Re8 14.g5 Nd7 15.a4 bxa4
16.Rxa4 Nb6 17.Raa1 Nb4 18.f5 exf5 19.exf5 Bb7 20.Qg3 Bf8 21.Na5 N6d5 22.
Bd4 Nxc3 23.bxc3 Nxd3 24.cxd3 Re2 25.Nxb7 Qxb7 26.Rab1 Qd5 27.g6 fxg6 28.
fxg6 h6 29.Rf7 Rae8 30.Rbf1 Qg5 31.Qxg5 hxg5 32.Ra7 R2e7 33.Rxa6 Re6 34.c4
Rxg6 35.c5 Rh6 36.c6 d5 37.Rf2 Bd6 38.Ra1 Rh4 39.Bb6 Rb4 40.Ba5 Rb5 41.Rc2
Ra8 42.c7 Bxc7 43.Rxc7 Rbxa5 44.Rf1 Ra1 45.Rd7 Rxf1+ 46.Kxf1 Ra5 47.Kf2 
1/2-1/2

[Event "12th Reykjavik op"]
[Site "Reykjavik ISL"]
[Date "1986.02.18"]
[Round "7.17"]
[White "Donaldson, John"]
[Black "Dlugy, Maxim"]
[Result "1/2-1/2"]
[WhiteElo "2420"]
[BlackElo "2545"]
[EventDate "1986.02.11"]
[PlyCount "38"]

1.e4 c6 2.d4 d5 3.exd5 cxd5 4.c4 Nf6 5.Nc3 e6 6.Nf3 Be7 7.cxd5 Nxd5 8.Bd3 
Nc6 9.O-O O-O 10.Re1 Bf6 11.Be4 Qd6 12.Bg5 Bxg5 13.Nxg5 Nf6 14.d5 exd5 15.
Nxd5 Nxe4 16.Nxe4 Qh6 17.Qc1 Qxc1 18.Raxc1 Rd8 19.Red1 Be6 1/2-1/2

[Event "12th Reykjavik op"]
[Site "Reykjavik ISL"]
[Date "1986.02.18"]
[Round "7.19"]
[White "Ligterink, Gert"]
[Black "Hoi, Carsten"]
[Result "1-0"]
[WhiteElo "2470"]
[BlackElo "2405"]
[EventDate "1986.02.11"]
[PlyCount "75"]

1.d4 Nf6 2.c4 c5 3.d5 e5 4.Nc3 d6 5.e4 Be7 6.Be2 O-O 7.Nf3 Nbd7 8.O-O Ne8 
9.a3 g6 10.Bh6 Ng7 11.Qd2 Kh8 12.Ne1 a6 13.b4 b6 14.Nd3 Qc7 15.Rab1 Bf6 
16.Kh1 Ra7 17.a4 Rb7 18.Be3 Be7 19.a5 f5 20.f3 bxa5 21.bxc5 Rxb1 22.Rxb1 
Nxc5 23.Nxc5 dxc5 24.Qb2 Ne8 25.Qb6 Bd7 26.Qxc7 Nxc7 27.Rb6 Ne8 28.Rb7 Nf6
29.Bg5 a4 30.d6 Bd8 31.Bxf6+ Bxf6 32.Rxd7 Rb8 33.Kg1 a3 34.Ra7 Rb6 35.d7 
Rd6 36.Kf2 f4 37.g3 Kg8 38.Rb7 1-0

[Event "12th Reykjavik op"]
[Site "Reykjavik ISL"]
[Date "1986.02.18"]
[Round "7.23"]
[White "Yrjola, Jouni"]
[Black "Herzog, Juerg"]
[Result "1-0"]
[WhiteElo "2440"]
[BlackElo "2280"]
[EventDate "1986.02.11"]
[PlyCount "75"]

1.d4 Nf6 2.c4 g6 3.Nc3 d5 4.Nf3 Bg7 5.cxd5 Nxd5 6.e4 Nxc3 7.bxc3 O-O 8.Rb1
c5 9.Be2 Nc6 10.d5 Ne5 11.Nxe5 Bxe5 12.Qd2 e6 13.f4 Bg7 14.c4 exd5 15.cxd5
Bd4 16.Bb2 Qb6 17.Bd3 c4 18.Bxc4 Re8 19.e5 Bf5 20.Qxd4 Qxd4 21.Bxd4 Bxb1 
22.Kd2 Be4 23.e6 Rac8 24.Bb3 Bxd5 25.Bxd5 Red8 26.Rc1 Rxc1 27.Kxc1 fxe6 
28.Bxe6+ Kf8 29.Bxa7 Ke7 30.Bb3 Kf6 31.g4 Rd3 32.Bb8 Rf3 33.Be5+ Ke7 34.
Bc2 Rf1+ 35.Kb2 Ke6 36.Bb3+ Ke7 37.Bc2 Ke6 38.Bb8 1-0

[Event "12th Reykjavik op"]
[Site "Reykjavik ISL"]
[Date "1986.02.20"]
[Round "8.1"]
[White "Hansen, Curt"]
[Black "Gheorghiu, Florin"]
[Result "1/2-1/2"]
[WhiteElo "2510"]
[BlackElo "2525"]
[EventDate "1986.02.11"]
[PlyCount "63"]

1.Nf3 c5 2.c4 Nf6 3.Nc3 e6 4.g3 b6 5.Bg2 Bb7 6.O-O a6 7.d4 cxd4 8.Qxd4 d6 
9.Rd1 Be7 10.Ng5 Bxg2 11.Kxg2 Nc6 12.Qf4 Ra7 13.Nce4 Ne5 14.Nxf6+ Bxf6 15.
Ne4 Be7 16.b3 O-O 17.Bb2 Qb8 18.Rd2 b5 19.Rad1 Ng6 20.Qe3 bxc4 21.Qc3 f6 
22.bxc4 d5 23.cxd5 Bb4 24.Qc6 Bxd2 25.Qxe6+ Kh8 26.Rxd2 Re7 27.Qf5 Qb4 28.
Nc3 Rc7 29.Qe4 Rc4 30.Qc2 Rfc8 31.d6 Ne5 32.Qb3 1/2-1/2

[Event "12th Reykjavik op"]
[Site "Reykjavik ISL"]
[Date "1986.02.20"]
[Round "8.8"]
[White "Utut Adianto"]
[Black "Hjartarson, Johann"]
[Result "0-1"]
[WhiteElo "2400"]
[BlackElo "2505"]
[EventDate "1986.02.11"]
[PlyCount "156"]

1.d4 Nf6 2.Nf3 e6 3.c4 d5 4.Nc3 Be7 5.Bg5 h6 6.Bxf6 Bxf6 7.e3 O-O 8.Qd2 c6
9.Be2 Nd7 10.cxd5 exd5 11.b4 a6 12.O-O Be7 13.Rab1 Bd6 14.a4 Qe7 15.b5 a5 
16.Qc2 Nf6 17.bxc6 bxc6 18.Na2 Bd7 19.Nc1 c5 20.dxc5 Bxc5 21.Nb3 Bb4 22.
Nbd4 Rfc8 23.Qb3 Ne4 24.Bb5 Nc3 25.Bxd7 Qxd7 26.Rbc1 Qe8 27.h3 Rc4 28.Ra1 
Rb8 29.Qc2 Bf8 30.Qf5 Rxa4 31.Rxa4 Qxa4 32.Ne5 Qe8 33.Nec6 Ne2+ 34.Nxe2 
Qxc6 35.Nd4 Qd6 36.Ra1 g6 37.Qc2 Ra8 38.Ra4 Qc5 39.Qxc5 Bxc5 40.Nb3 Bb6 
41.Kf1 Bc7 42.Ke2 Rb8 43.Nd2 Kf8 44.Kd3 Ke7 45.g4 Rb5 46.Kc3 Rc5+ 47.Kd3 
Kd7 48.Nb3 Rb5 49.Kc3 Bb6 50.Kc2 Ke6 51.Kc3 Ke5 52.Nc1 Rc5+ 53.Kd2 Rc4 54.
Nd3+ Kd6 55.Ra1 Bc7 56.Nb2 Rb4 57.Nd3 Re4 58.Nb2 h5 59.f3 Re8 60.gxh5 gxh5
61.Ra4 Rg8 62.Rh4 Rg2+ 63.Kc3 Bd8 64.Rf4 Bg5 65.Rxf7 Ke6 66.Ra7 Bf6+ 67.
Kd3 Rxb2 68.Ra6+ Kf7 69.Rxa5 Rh2 70.Rxd5 Rxh3 71.Ke4 h4 72.Kf4 Rg3 73.e4 
Bg5+ 74.Kf5 h3 75.Rd1 Be3 76.Rd7+ Kg8 77.Rd8+ Kh7 78.Rd7+ Rg7 0-1

[Event "12th Reykjavik op"]
[Site "Reykjavik ISL"]
[Date "1986.02.20"]
[Round "8.9"]
[White "Byrne, Robert"]
[Black "Welin, Thomas"]
[Result "1-0"]
[WhiteElo "2505"]
[BlackElo "2445"]
[EventDate "1986.02.11"]
[PlyCount "47"]

1.e4 e6 2.d4 d5 3.Nc3 Bb4 4.e5 c5 5.a3 Bxc3+ 6.bxc3 Ne7 7.Nf3 Bd7 8.Be2 
Ba4 9.O-O c4 10.Ng5 h6 11.Nh3 Nbc6 12.Nf4 Qa5 13.Bd2 O-O-O 14.Bg4 Kb8 15.
Rb1 Rde8 16.Rb2 Nd8 17.Qf3 Bc6 18.Ra1 Rhf8 19.Nh5 f5 20.exf6 gxf6 21.Bxh6 
Rf7 22.Bf4+ Ka8 23.Bg3 e5 24.Nxf6 1-0

[Event "12th Reykjavik op"]
[Site "Reykjavik ISL"]
[Date "1986.02.20"]
[Round "8.14"]
[White "Alburt, Lev"]
[Black "Kristiansen, Jens"]
[Result "1-0"]
[WhiteElo "2515"]
[BlackElo "2395"]
[EventDate "1986.02.11"]
[PlyCount "73"]

1.d4 g6 2.c4 Bg7 3.Nc3 d6 4.Nf3 Nf6 5.h3 O-O 6.Bf4 c6 7.e3 a6 8.a4 a5 9.
Be2 Na6 10.O-O Nd7 11.Qd2 e5 12.Bh2 Qe7 13.Rfd1 Re8 14.Bf1 Nb4 15.Rac1 e4 
16.Ne1 Nf6 17.Nc2 Bf5 18.Nxb4 axb4 19.Ne2 d5 20.c5 Rxa4 21.b3 Ra3 22.Qxb4 
Rea8 23.Bd6 Qd7 24.Nc3 R8a7 25.Na4 Ra2 26.Bb8 Ra8 27.Nb6 Qd8 28.Nxa8 Qxb8 
29.Nb6 Qc7 30.Ra1 Rc2 31.Rd2 Rxd2 32.Ra8+ Bf8 33.Qxd2 g5 34.Qa5 g4 35.Nc4 
Qe7 36.Nd6 Bd7 37.Qd8 1-0